[Event "38th Reykjavik op"]
[Site "Reykjavik ISL"]
[Date "2025.04.13"]
[Round "7.75"]
[White "Ragnarsson, Johann"]
[Black "Burgalat, Eliot"]
[WhiteElo "1908"]
[BlackElo "2119"]
[Result "0-1"]
[EventDate "2025.04.09"]
[PlyCount "92"]

1. d4 Nf6 2. c4 e6 3. Nc3 Bb4 4. a3 Bxc3+ 5. bxc3 c5 6. e3 Nc6 7. Bd3 O-O 8. f3
d6 9. Ne2 b6 10. g4 Ne8 11. h4 f5 12. g5 e5 13. d5 Na5 14. Ng3 Qd7 15. Ra2 Ba6
16. Qc2 Bxc4 17. Bxc4 Nxc4 18. Qd3 b5 19. a4 Nb6 20. axb5 c4 21. Qd1 Qxb5 22.
e4 f4 23. Nf5 Qd7 24. Ba3 a5 25. Qb1 Na4 26. Qc2 Rb8 27. O-O Rb3 28. Bxd6 Nxd6
29. Nxd6 Qxd6 30. Rxa4 Rfb8 31. Rxc4 Qd7 32. Rb4 R3xb4 33. cxb4 axb4 34. Kh2
Rc8 35. Qb2 Rc3 36. Qxb4 Rc2+ 37. Kg1 Qh3 38. Qb8+ Kf7 39. Qa7+ Kg6 40. h5+
Kxh5 41. Qf2 Rxf2 42. Rxf2 Kxg5 43. Rg2+ Kf6 44. Kf2 g5 45. Rg4 h5 46. Rg2 g4
0-1

[Event "38th Reykjavik op"]
[Site "Reykjavik ISL"]
[Date "2025.04.13"]
[Round "7.77"]
[White "Fernandez, Kenneth"]
[Black "Clyde, Jordan"]
[WhiteElo "1842"]
[BlackElo "2095"]
[Result "0-1"]
[EventDate "2025.04.09"]
[PlyCount "83"]

1. c4 b6 2. Nc3 Bb7 3. e4 e5 4. g3 Bb4 5. Bg2 Bxc3 6. bxc3 f5 7. f3 fxe4 8.
fxe4 Nf6 9. d3 O-O 10. Nf3 d6 11. O-O Bc8 12. h3 Kh8 13. Bg5 Be6 14. Nh4 Nbd7
15. Qd2 Qe8 16. Kh2 a5 17. Rf2 Ng8 18. Rxf8 Nxf8 19. Rf1 a4 20. Nf5 a3 21. Qe2
Nd7 22. Nh4 Nc5 23. Bd2 b5 24. cxb5 Qxb5 25. Qh5 Qe8 26. Qxe8 Rxe8 27. d4 Na4
28. d5 Bd7 29. Rf7 Nf6 30. Nf5 Bxf5 31. exf5 Rc8 32. Bc1 Kg8 33. Re7 Kf8 34.
Re6 Nc5 35. Bxa3 Nxe6 36. fxe6 Ra8 37. Bb4 Rxa2 38. g4 Nxd5 39. Kg3 Rxg2+ 40.
Kxg2 Nxb4 41. cxb4 Ke7 42. Kf3 0-1

[Event "38th Reykjavik op"]
[Site "Reykjavik ISL"]
[Date "2025.04.13"]
[Round "7.87"]
[White "Teichmann, Alexander"]
[Black "Maciol, Ryszard"]
[WhiteElo "1934"]
[BlackElo "2135"]
[Result "1-0"]
[EventDate "2025.04.09"]
[PlyCount "69"]

1. e4 e6 2. b3 d5 3. Bb2 d4 4. Nf3 c5 5. Na3 Nf6 6. Bd3 Nc6 7. Qe2 Be7 8. O-O
a6 9. c3 e5 10. Nc4 Nd7 11. a4 b6 12. Ne1 Qc7 13. Nc2 O-O 14. cxd4 cxd4 15. f4
Nc5 16. fxe5 Nxb3 17. Rab1 Nxe5 18. Nxe5 Qxe5 19. Bc4 Nc5 20. Bxd4 Qg5 21. Ne1
Qg6 22. Nf3 Ne6 23. Bxe6 Bxe6 24. Ne5 Qg5 25. Nf3 Qa5 26. Rxb6 Rfd8 27. Rb7
Rxd4 28. Rxe7 Rxa4 29. Qe3 Bc4 30. d3 Bxd3 31. Ra7 Rd8 32. Rd1 Rxe4 33. Qxd3
Qc5+ 34. Kh1 Rde8 35. Qxe4 1-0

[Event "38th Reykjavik op"]
[Site "Reykjavik ISL"]
[Date "2025.04.13"]
[Round "7.88"]
[White "Smit, Emeline"]
[Black "Agbabishvili, Lali"]
[WhiteElo "1926"]
[BlackElo "2119"]
[Result "1/2-1/2"]
[EventDate "2025.04.09"]
[PlyCount "72"]

1. e4 c5 2. Nf3 d6 3. d4 cxd4 4. Nxd4 Nf6 5. Nc3 a6 6. Bg5 Nbd7 7. f4 e5 8. Nb3
Qc7 9. Qd2 h6 10. Bh4 Be7 11. O-O-O b5 12. Kb1 Bb7 13. Bxf6 Nxf6 14. Nd5 Nxd5
15. exd5 exf4 16. Na5 f3 17. gxf3 Rb8 18. Rg1 Kf8 19. Nxb7 Rxb7 20. c4 bxc4 21.
Bxc4 Bf6 22. Bb3 g6 23. Rc1 Qb8 24. f4 a5 25. Qxa5 Kg7 26. f5 g5 27. h4 Rxb3
28. axb3 Qxb3 29. Qd2 Ra8 30. hxg5 Qa2+ 31. Kc2 Qxb2+ 32. Kd1 Qb3+ 33. Ke1 Re8+
34. Kf2 Qb6+ 35. Kf3 Qb3+ 36. Kf2 Qb6+ 1/2-1/2

[Event "38th Reykjavik op"]
[Site "Reykjavik ISL"]
[Date "2025.04.13"]
[Round "7.99"]
[White "Hermannsson, Sigurbjorn"]
[Black "Kingsley, Elias"]
[WhiteElo "1870"]
[BlackElo "2033"]
[Result "0-1"]
[EventDate "2025.04.09"]
[PlyCount "52"]

1. e4 e5 2. Nf3 Nc6 3. Bc4 Bc5 4. c3 Nf6 5. d4 exd4 6. cxd4 Bb4+ 7. Nbd2 Nxe4
8. d5 Ne7 9. O-O Bxd2 10. Nxd2 Nxd2 11. Bxd2 d6 12. Re1 O-O 13. Qh5 Ng6 14. Bd3
Bd7 15. Rac1 c6 16. Bg5 Qa5 17. dxc6 bxc6 18. f4 Rfe8 19. Rf1 f6 20. b4 Qb6+
21. Kh1 Qe3 22. Rc3 Qd4 23. f5 Bxf5 24. Bxf6 gxf6 25. Bc4+ d5 26. Rcf3 Bg4 0-1

[Event "38th Reykjavik op"]
[Site "Reykjavik ISL"]
[Date "2025.04.13"]
[Round "7.101"]
[White "Magnusson, Gisli"]
[Black "Kukushkin, Ivan"]
[WhiteElo "1857"]
[BlackElo "2030"]
[Result "0-1"]
[EventDate "2025.04.09"]
[PlyCount "72"]

1. e4 e6 2. d4 d5 3. Nc3 Nf6 4. e5 Nfd7 5. f4 c5 6. Nf3 Nc6 7. Be3 Qc7 8. Ne2
Be7 9. c3 f5 10. g3 b6 11. Nc1 Bb7 12. Qd2 cxd4 13. Nxd4 Nc5 14. Nb5 Qd7 15.
Bxc5 bxc5 16. Nb3 a6 17. Na3 c4 18. Nd4 Nxd4 19. Qxd4 Rc8 20. Bg2 Bc5 21. Qd2
d4 22. Nxc4 Bxg2 23. Qxg2 dxc3 24. Rd1 Qb5 25. b3 O-O 26. Qc2 Rfd8 27. Rd3 Qc6
28. Rxd8+ Rxd8 29. Rf1 Bd4 30. Nd6 Qd5 31. Qe2 Bc5 32. Nc4 a5 33. Qc2 a4 34.
Nd6 axb3 35. axb3 Bd4 36. Nc4 Ra8 0-1

[Event "38th Reykjavik op"]
[Site "Reykjavik ISL"]
[Date "2025.04.13"]
[Round "7.103"]
[White "Rajkumar, Daniel"]
[Black "Belz, Frank-Martin"]
[WhiteElo "1855"]
[BlackElo "2027"]
[Result "0-1"]
[EventDate "2025.04.09"]
[PlyCount "70"]

1. d4 d5 2. Nf3 Nf6 3. Bf4 e6 4. e3 Be7 5. Nbd2 Nbd7 6. Bd3 c5 7. c3 O-O 8. O-O
Nh5 9. Be5 Nxe5 10. Nxe5 Nf6 11. f4 g6 12. Qf3 Nd7 13. Qg4 Nxe5 14. fxe5 f5 15.
Qe2 Qb6 16. Rab1 Bd7 17. Kh1 a6 18. b3 Rac8 19. Rfc1 Rc6 20. Nf3 Rfc8 21. Qd2
Qa5 22. c4 Qxd2 23. Nxd2 Bg5 24. cxd5 exd5 25. Nf1 b5 26. dxc5 Rxc5 27. Rxc5
Rxc5 28. Kg1 Kf7 29. a4 Ke6 30. Kf2 Rc3 31. Ke2 Kxe5 32. Nd2 Kd6 33. Nf3 Bf6
34. Kd2 f4 35. Rb2 Rxd3+ 0-1

[Event "38th Reykjavik op"]
[Site "Reykjavik ISL"]
[Date "2025.04.13"]
[Round "7.108"]
[White "Mize, Dylan"]
[Black "Luk, Danbe"]
[WhiteElo "1826"]
[BlackElo "2018"]
[Result "0-1"]
[EventDate "2025.04.09"]
[PlyCount "74"]

1. Nf3 d5 2. g3 Nd7 3. d4 Nb6 4. b3 Bf5 5. Bg2 Nf6 6. O-O h6 7. Bb2 c6 8. Nbd2
e6 9. a4 a5 10. h3 Be7 11. Ne5 Nbd7 12. f4 Bh7 13. Kh2 Qc7 14. Nd3 O-O 15. Qc1
Rac8 16. c4 dxc4 17. bxc4 c5 18. Ba3 b6 19. Ne5 Rfe8 20. Nc6 Bf8 21. e3 Nb8 22.
Nxb8 Rxb8 23. Qb2 Red8 24. Rfd1 Rbc8 25. Rac1 h5 26. Nb3 cxd4 27. Bxf8 Kxf8 28.
Nxd4 Be4 29. Nb5 Qc5 30. Rd4 Bxg2 31. Kxg2 Rxd4 32. exd4 Qb4 33. Qc2 Ne4 34.
Rg1 Nd2 35. Qh7 Qb2 36. g4 Nf1+ 37. Kh1 Qh2# 0-1

[Event "38th Reykjavik op"]
[Site "Reykjavik ISL"]
[Date "2025.04.13"]
[Round "7.118"]
[White "Fridthjofsdottir, Sigurl. Regina"]
[Black "Woods, Yannick"]
[WhiteElo "1743"]
[BlackElo "1979"]
[Result "0-1"]
[EventDate "2025.04.09"]
[PlyCount "86"]

1. e4 e6 2. d3 d5 3. Nd2 c5 4. Ngf3 Nc6 5. g3 Bd6 6. Bg2 Nge7 7. O-O O-O 8. Re1
Qc7 9. c3 f6 10. Nf1 Bd7 11. a3 a5 12. h4 a4 13. h5 d4 14. h6 g6 15. cxd4 cxd4
16. Bd2 e5 17. Rc1 Qb6 18. N1h2 Qxb2 19. Rb1 Qxa3 20. Bc1 Qc5 21. Ra1 Nb4 22.
Ba3 Be6 23. Qd2 Nec6 24. Rec1 Qb5 25. Bf1 Na5 26. Qb2 Nb3 27. Bxb4 Bxb4 28. Rc7
a3 29. Rg7+ Kh8 30. Qa2 Nc5 31. Qe2 a2 32. Nh4 Rf7 33. Rxf7 Bxf7 34. Qf3 Qc6
35. Ng4 Nd7 36. Nh2 Bc3 37. Rxa2 Rxa2 38. Bh3 Ra6 39. Qg4 Nf8 40. N2f3 b5 41.
Nf5 Be6 42. Qh4 Bxf5 43. Bxf5 b4 0-1

[Event "38th Reykjavik op"]
[Site "Reykjavik ISL"]
[Date "2025.04.13"]
[Round "7.133"]
[White "Wiesebach, Wolfgang"]
[Black "Grettisson, Arnar Breki"]
[WhiteElo "1971"]
[BlackElo "1794"]
[Result "1/2-1/2"]
[EventDate "2025.04.09"]
[PlyCount "100"]

1. d4 Nf6 2. Bf4 d5 3. e3 c5 4. c3 Qb6 5. Qb3 c4 6. Qxb6 axb6 7. Nd2 Bf5 8. h3
Nc6 9. a3 b5 10. Rc1 e6 11. Ngf3 Be7 12. g4 Bg6 13. Nh4 O-O 14. Nxg6 hxg6 15.
f3 Nd7 16. Be2 Bh4+ 17. Kf1 Nb6 18. Kg2 Be7 19. Bg3 Ra6 20. Rc2 Rfa8 21. Nb1 f6
22. f4 Na4 23. Bf3 f5 24. h4 Rb6 25. h5 Bf8 26. hxg6 Ne7 27. gxf5 Nxf5 28. Kf2
b4 29. axb4 Bxb4 30. e4 dxe4 31. Bxe4 Bd6 32. Kf3 Rxb2 33. Rxb2 Nxb2 34. Bxb7
Rb8 35. Ba6 Re8 36. Bb5 Rb8 37. Bd7 Nxg3 38. Kxg3 Nd3 39. Bxe6+ Kf8 40. Bxc4
Nxf4 41. Kg4 Nxg6 42. Bd3 Ne7 43. Bc4 Nc6 44. Kf5 Ke7 45. Kg6 Rb2 46. Bd5 Na5
47. Re1+ Kd7 48. Kxg7 Bf4 49. Kf6 Kd6 50. Kf5 Bg3 1/2-1/2

[Event "38th Reykjavik op"]
[Site "Reykjavik ISL"]
[Date "2025.04.13"]
[Round "7.147"]
[White "Gudbrandsson, Thor Jokull"]
[Black "Hauksdottir, Hrund"]
[WhiteElo "1622"]
[BlackElo "1875"]
[Result "1/2-1/2"]
[EventDate "2025.04.09"]
[PlyCount "85"]

1. f4 d5 2. Nf3 g6 3. e3 Bg7 4. c4 c6 5. cxd5 cxd5 6. d4 Nf6 7. Nc3 Nc6 8. Bd3
Bg4 9. O-O O-O 10. a3 Rc8 11. Bd2 Na5 12. b3 a6 13. Na4 Ne4 14. Bxa5 Qxa5 15.
b4 Qd8 16. Nc5 Nd6 17. h3 Bxf3 18. Qxf3 e6 19. Rfc1 Qe7 20. Nb3 Nb5 21. Bxb5
axb5 22. Qe2 Rc4 23. Na5 Rxc1+ 24. Rxc1 g5 25. g3 gxf4 26. gxf4 Kh8 27. Kh2 Qh4
28. Rg1 Rc8 29. Rg2 Rc3 30. Qxb5 Qe7 31. Re2 Rxa3 32. Qxb7 Qxb7 33. Nxb7 Rb3
34. Nd8 Kg8 35. Nc6 Kf8 36. Ne5 Bxe5 37. fxe5 Rxb4 38. Kg3 Rb1 39. Rf2 Rg1+ 40.
Rg2 Rf1 41. Rf2 Re1 42. Kf3 h6 43. Rg2 1/2-1/2

[Event "38th Reykjavik op"]
[Site "Reykjavik ISL"]
[Date "2025.04.13"]
[Round "7.164"]
[White "Ernisson, Petur Ulfar"]
[Black "Buijs, Gerard"]
[WhiteElo "1602"]
[BlackElo "1774"]
[Result "1/2-1/2"]
[EventDate "2025.04.09"]
[PlyCount "90"]

1. e4 c5 2. c3 d6 3. d4 cxd4 4. cxd4 Nf6 5. Nc3 a6 6. Nf3 g6 7. Bc4 Bg7 8. O-O
O-O 9. Re1 e6 10. Bg5 Qc7 11. Bb3 Nbd7 12. Rc1 Qb8 13. Qd2 Re8 14. h3 b5 15. e5
b4 16. exf6 bxc3 17. bxc3 Nxf6 18. d5 e5 19. Bxf6 Bxf6 20. Nd4 Bd7 21. Nc6 Qb6
22. Ba4 Kg7 23. Rb1 Qc7 24. Rb3 Rec8 25. Reb1 Bxc6 26. Bxc6 Ra7 27. Rb7 Rxb7
28. Rxb7 Qa5 29. Qb2 e4 30. Qb4 Qxa2 31. Rxf7+ Kxf7 32. Qb7+ Kg8 33. Qxc8+ Kg7
34. Qd7+ Kh6 35. Qxd6 Qa1+ 36. Kh2 Qxc3 37. Qf8+ Kh5 38. Bd7 Qe5+ 39. g3 Bg7
40. Bg4+ Kg5 41. Qd8+ Qf6 42. Qxf6+ Kxf6 43. Bd7 Ke5 44. Bc6 a5 45. Kg2 Bf8
1/2-1/2

[Event "38th Reykjavik op"]
[Site "Reykjavik ISL"]
[Date "2025.04.13"]
[Round "7.167"]
[White "Proudfoot, Andy"]
[Black "Naga, Laxmi Seelam"]
[WhiteElo "1568"]
[BlackElo "1764"]
[Result "1/2-1/2"]
[EventDate "2025.04.09"]
[PlyCount "59"]

1. d4 d5 2. Nf3 Nf6 3. e3 e6 4. Bd3 Be7 5. O-O O-O 6. b3 Nbd7 7. Bb2 b6 8. Nbd2
Bb7 9. Ne5 Ne4 10. Nxd7 Qxd7 11. f3 Nxd2 12. Qxd2 f5 13. Rae1 Bf6 14. f4 c5 15.
c3 Rac8 16. Qe2 Rc7 17. g4 c4 18. Bc2 Qc8 19. b4 h6 20. gxf5 exf5 21. Qh5 g6
22. Qh3 Qe6 23. Kh1 Bg7 24. Rg1 Bc6 25. Rg3 Be8 26. Reg1 Rf6 27. a4 a6 28. Qg2
b5 29. a5 Rd7 30. Bc1 1/2-1/2

[Event "38th Reykjavik op"]
[Site "Reykjavik ISL"]
[Date "2025.04.13"]
[Round "7.168"]
[White "Jonsdottir, Katrin Maria"]
[Black "Opasiak, Dustin Tennessee"]
[WhiteElo "1565"]
[BlackElo "1761"]
[Result "1/2-1/2"]
[EventDate "2025.04.09"]
[PlyCount "96"]

1. e4 e6 2. d4 d5 3. e5 c5 4. c3 Bd7 5. Nf3 a6 6. a4 Qb6 7. Be2 Nc6 8. O-O cxd4
9. cxd4 Na5 10. Nbd2 Nh6 11. b3 Be7 12. Bb2 Rc8 13. Rc1 O-O 14. Bc3 Ba3 15.
Bxa5 Qxa5 16. Rxc8 Rxc8 17. Nb1 Bb2 18. Qd2 Qxd2 19. Nbxd2 Nf5 20. Rb1 Bxd4 21.
Nxd4 Nxd4 22. Bg4 Rc2 23. Nf3 Ne2+ 24. Kf1 Nf4 25. Nd4 Rc3 26. g3 Nd3 27. f4 g6
28. Ke2 Nc5 29. Bf3 b5 30. axb5 Bxb5+ 31. Nxb5 axb5 32. b4 Nb3 33. Bh1 Nd4+ 34.
Kd2 Rc4 35. Bg2 Nc6 36. Bf1 Rxb4 37. Rxb4 Nxb4 38. Bxb5 d4 39. Kc1 h6 40. h4
Nd5 41. Kd2 Ne3 42. Bd3 Kg7 43. Ke2 f6 44. Kf3 h5 45. Ke4 Nf5 46. Kf3 Kf7 47.
Bb5 Ke7 48. Bc4 Ne3 1/2-1/2

[Event "38th Reykjavik op"]
[Site "Reykjavik ISL"]
[Date "2025.04.13"]
[Round "7.173"]
[White "Gudmundsson, Eirikur Orri"]
[Black "Zamvar, Vipin"]
[WhiteElo "1551"]
[BlackElo "1733"]
[Result "0-1"]
[EventDate "2025.04.09"]
[PlyCount "132"]

1. d4 e6 2. c4 f5 3. g3 Nf6 4. Bg2 Be7 5. Nf3 d5 6. O-O Ne4 7. Ne5 Nd7 8. b3
Bf6 9. Bb2 O-O 10. Nd2 c6 11. Nxe4 dxe4 12. f3 exf3 13. Bxf3 Qb6 14. Kh1 Rd8
15. Qc2 Nxe5 16. dxe5 Bg5 17. Rad1 Bd7 18. c5 Qa6 19. a3 Be8 20. b4 Qb5 21. e3
Qa6 22. Be2 b5 23. cxb6 Qxb6 24. Bd4 c5 25. bxc5 Bc6+ 26. Bf3 Bxf3+ 27. Rxf3
Qc6 28. Qg2 Qa4 29. Qe2 Bxe3 30. Rxe3 Rxd4 31. Red3 Rxd3 32. Rxd3 Rb8 33. Rc3
Qc6+ 34. Qf3 Rb1+ 35. Kg2 Rb2+ 36. Kg1 Qxf3 37. Rxf3 Rc2 38. Rb3 Rxc5 39. Rb8+
Kf7 40. Rb7+ Kg6 41. Rxa7 Rxe5 42. Kf2 Re4 43. Rb7 Rc4 44. Rb2 Kg5 45. h3 Ra4
46. Rb7 Kf6 47. Rb3 g5 48. Kg2 h5 49. Kf2 h4 50. Kg2 Re4 51. gxh4 gxh4 52. Rb2
e5 53. Ra2 Ra4 54. Kf3 Ke6 55. Ke3 f4+ 56. Kf3 Kf5 57. Kf2 e4 58. Ra1 f3 59.
Ke3 Ke5 60. Ra2 Rc4 61. a4 Rc3+ 62. Kd2 Rd3+ 63. Ke1 Kf4 64. a5 e3 65. Ra1 e2
66. Kf2 Rd1 0-1

[Event "38th Reykjavik op"]
[Site "Reykjavik ISL"]
[Date "2025.04.13"]
[Round "7.182"]
[White "Kaalinnguaq Thorleifsen, Thomas"]
[Black "Bourassa, Louis"]
[WhiteElo "1552"]
[BlackElo "1688"]
[Result "0-1"]
[EventDate "2025.04.09"]
[PlyCount "73"]

1. e4 c5 2. c3 e6 3. d4 d5 4. exd5 Qxd5 5. Nf3 Nf6 6. Na3 a6 7. Bc4 Qd8 8. O-O
Be7 9. Qe2 O-O 10. dxc5 Bxc5 11. Be3 Bxa3 12. bxa3 Qa5 13. h3 Nbd7 14. Bd4 b5
15. Bb3 Bb7 16. Ne5 Qc7 17. a4 Nxe5 18. Qxe5 Qxe5 19. Bxe5 Nd5 20. axb5 axb5
21. c4 bxc4 22. Bxc4 Rfc8 23. Bb3 f6 24. Bb2 Kf7 25. Rfe1 Re8 26. Rad1 Rad8 27.
Rc1 Rc8 28. Kh2 Nf4 29. g3 Nd3 30. Rb1 Nxe1 31. Rxe1 Bd5 32. Ba4 Bxa2 33. Bxe8+
Rxe8 34. Re2 Bd5 35. h4 Rc8 36. g4 Bf3 37. Rc2 0-1

[Event "38th Reykjavik op"]
[Site "Reykjavik ISL"]
[Date "2025.04.15"]
[Round "9.60"]
[White "Brackmann, Hendrik"]
[Black "Briem, Benedikt"]
[WhiteElo "2040"]
[BlackElo "2249"]
[Result "1-0"]
[EventDate "2025.04.09"]
[PlyCount "33"]

1. e4 e5 2. Nf3 Nc6 3. d4 exd4 4. Bc4 Nf6 5. e5 d5 6. Bb5 Ne4 7. Nxd4 Bd7 8.
Bxc6 bxc6 9. O-O Be7 10. f3 Nc5 11. f4 Ne6 12. f5 Nxd4 13. Qxd4 f6 14. e6 Bc8
15. Nc3 Bb7 16. Na4 Qd6 17. Bf4 1-0

[Event "38th Reykjavik op"]
[Site "Reykjavik ISL"]
[Date "2025.04.15"]
[Round "9.67"]
[White "Bozilov, Dragan"]
[Black "Birkisson, Bjoern Holm"]
[WhiteElo "1981"]
[BlackElo "2154"]
[Result "1/2-1/2"]
[EventDate "2025.04.09"]
[PlyCount "121"]

1. Nf3 d5 2. g3 b6 3. Bg2 Bb7 4. d4 e6 5. O-O Nd7 6. b3 Ngf6 7. Nbd2 Be7 8. Bb2
O-O 9. c4 c5 10. e3 dxc4 11. Nxc4 b5 12. Nce5 Nxe5 13. Nxe5 Bxg2 14. Kxg2 Qd5+
15. Qf3 Qxf3+ 16. Kxf3 Rac8 17. Rac1 Rfd8 18. Rfd1 Ne8 19. dxc5 Rxd1 20. Rxd1
Bxc5 21. Rd7 f6 22. Nd3 Bb6 23. Re7 e5 24. Rd7 Rd8 25. Rxd8 Bxd8 26. Ke4 Nc7
27. Nb4 Kf7 28. Nc6 Be7 29. Nxa7 Bc5 30. Nc6 Ke6 31. a3 Kd6 32. Na5 Bb6 33. Bc3
Na6 34. Kd3 Nc5+ 35. Kc2 Ne4 36. Bb4+ Ke6 37. f3 Ng5 38. f4 Nf3 39. Kd3 Nxh2
40. Nb7 Nf1 41. fxe5 fxe5 42. g4 Nxe3 43. Bc5 Nd5 44. Bxb6 Nxb6 45. Ke4 Nd7 46.
a4 bxa4 47. bxa4 Nf6+ 48. Kf3 Kd5 49. a5 Kc6 50. a6 Nd7 51. Nd8+ Kb6 52. Ne6 g6
53. Ng5 Kxa6 54. Nxh7 Nc5 55. g5 Kb5 56. Nf8 Kc4 57. Nxg6 e4+ 58. Ke3 Kd5 59.
Nf4+ Ke5 60. g6 Ne6 61. Nxe6 1/2-1/2

[Event "38th Reykjavik op"]
[Site "Reykjavik ISL"]
[Date "2025.04.15"]
[Round "9.134"]
[White "Schoffelmeer, Jetse"]
[Black "Opasiak, Dustin Tennessee"]
[WhiteElo "1939"]
[BlackElo "1761"]
[Result "1-0"]
[EventDate "2025.04.09"]
[PlyCount "63"]

1. e4 e6 2. d4 d5 3. Nc3 Nf6 4. e5 Nfd7 5. Nce2 c5 6. c3 Nc6 7. Nf3 Be7 8. h4
f5 9. Nf4 Nf8 10. Bd3 cxd4 11. cxd4 Qa5+ 12. Kf1 Nb4 13. Bd2 Qb6 14. Be2 Bd7
15. a3 Na6 16. Bc3 Bb5 17. Nd3 Bxd3 18. Bxd3 Rc8 19. Qa4+ Kf7 20. g3 Nc7 21.
Kg2 a6 22. Rac1 Qa7 23. Bd2 Qb8 24. Rc2 Ne8 25. Rhc1 Rxc2 26. Qxc2 g6 27. Qc8
Qxc8 28. Rxc8 Nd7 29. Ba5 Rf8 30. Bc2 b6 31. Bd2 Ng7 32. Rc7 1-0